| АИС "Историко-культурное наследие Беларуси" | ||
| Базовый | Расширенный | Профессиональный | Словарь персоналий | Тематический словарь | По видам объектов | История запросов Заказы | Регистрация | |
Запись в MARC-формате
| копировать MARC-запись |
=LDR 00000nx\\c2200265\\\45\\
=001 BY-NLB-ar5326978
=005 20160330095636.7
=100 \\$a20120927arusy50\\\\\\ca0
=152 \\$apsbo
=160 \\$ae-bw
=215 \\$aКостел Благовещения Наисвятейшей Девы Марии (Ольковичи, деревня; Вилейский район)
=300 1\$aПамятник архитектуры стиля неоготики. Построен в 1897–1902 гг. из красного кирпича. В 1969 г. сгорела крыша. Восстановлен в 1989–1992 гг.
=356 \\$aНаходится в центре д. Ольковичи Вилейского района Минской области.
=415 \\$aКостел Имени Рождества Наисвятейшей Марии Панны (Ольковичи, деревня; Вилейский район)
=415 \\$aКостел Посещения Наисвятейшей Девы Марии (Ольковичи, деревня; Вилейский район)
=415 \\$aОльковичский Благовещенский костел
=415 \\$aОльковичский костел Благовещения Пресвятой Девы Марии
=515 \\$5w$3BY-NLB-ar5326920$aКасцёл Дабравешчання Найсвяцейшай Дзевы Марыі (Альковічы, вёска; Вілейскі раён)
=801 \0$aBY$bBY-HM0000$c20120927
=810 \\$aТуристская энциклопедия Беларуси. — Минск, 2007.
=810 \\$aКаталіцкія храмы Беларусі / А. М. Кулагін. — Мінск, 2008.
=810 \\$aКаталіцкія храмы на Беларусі : энцыклапедычны даведнік / А. М. Кулагін. — Мінск, 2000.
=810 \\$aАльховы край ― Альковічы / Галіна Калевіч // Ave Maria. ― 2012. ― № 5. ― С. 8―11.
=999 \\$f2786 NLB-NDARD$t20120927
=999 \\$h1848 NLB-NDARD$t20121005
Чтобы вернуться назад, щелкните кнопку BACK на Вашем браузере